00509nam a2200193 a 4500001001300000003000900013005001700022008004100039020000900080082001500089100002500104245003600129260004100165300000900206500003500215505001500250650002500265700002500290nice12345678IN_TiNIC20260116015048.0050524s1993 ahma grp 000 0 tel  ac2000a923.2bMUR aMurthy, Radhakrishna aAatma Katha, Leka Satyashodhana aAhmedabadbNavjivan Pub.House c1993 a429p aincludes index and biblioraphy2 aAppendices aGandhi M K-Biography1 aMurthy, Radhakrishna